Регионална библиотека "Любен Каравелов" - Русе

Далече от безумната тълпа (Запис номер 489859)

MARC детайли
000 -Лидер
Лидер 01202nam a2200301 a 4500
003 - Код на организацията, давaща контролен номер
Код на организацията, даваща контролен номер BLK
005 - Дата и час на последна редакция
Дата и час на последна редакция 20250604155356.0
008 - Елементи от данни с фиксирана дължина
Елементи с фиксирана дължина 230322b bu |||||||||| 00| | bu d
020 ## - Международен стандартен номер на книга ISBN
ISBN 978--954-641-139-6
Коментар към ISBN 9789546411396
040 ## - Източник на каталожния запис
Код на библиотеката BLK
041 ## - Код за език
Език Български
Език за КДБФ Български
080 ## - УДК
УДК текст Английска литература
УДК код 821.111
УДК – определител -31
УДК – код + определител 821.111-31
084 ## - Класификационен индекс по друга класификация
Авторски знак Хар - Х 26
100 ## - Редна дума - Автор
R(LIN) 1299
Автор Харди, Томас
245 ## - Сведения за заглавието
Заглавие Далече от безумната тълпа
Авторска отговорност Томас Харди ; прев. от англ. Велислава Михайлова
250 ## - Област на изданието
Поредност на изданието 2. изд.
260 ## - Област на издателските данни
9 (RLIN) 209628
Място на издаване София
Име на издателя Пергамент прес
Година на издаване 2021
Печатница [София] : Симолини 94)
Издателство - префикс ISBN 978-954-641-
300 ## - Физическа характеристика
Брой страници 404 с.
Размер 21 см
380 ## - Жанр
Жанр Худож. лит.
500 ## - Общи забележки
Обща забележка Ориг. загл.: Far from the madding crowd / Thomas Hardy - 1. изд. 2015
700 ## - Други автори (авторска отговорност)
9 (RLIN) 1021
Друг автор Михайлова, Велислава Иванова
Авт. отговорност на др. автор прев. от англ.
852 ## - Местоположение
Сигнатура (форматна) Цб 316955
Отдел Хранилище
856 ## - Електронен адрес и достъп
Инструкция (цена за достъп) 0.00
Права за достъп disable
942 ## - АРТИКУЛИ
Вид на библиотечния документ Книги
Скрит в OPAC Не
Периодичен библиозапис Да
Koha issues (borrowed), all copies 8
944 ## - СЪЗДАВАНЕ И РЕДАКЦИЯ на ЗАПИСА
Създаване/Редакция Създаване
Дата на регистрацията/редакция 2023-03-22
Служител, извършил регистрацията/редакцията 30576
Номер на служител Цветомила Тодорова
999 ## - СИСТЕМНИ КОНТРОЛНИ НОМЕРА
Koha biblionumber 489859
Koha biblioitemnumber 489859
999 ## - СИСТЕМНИ КОНТРОЛНИ НОМЕРА
Koha biblioitemnumber 489859
Наличности
Код за отписване Код за изгубен артикул Източник на класификационната схема Код за повреда Коз за рестрикции Код за отдаване Артикулен № Име на библиотеката - собственик Име на библиотеката, в която се намира в момента Статус (Текущо местоположение) Дата на вписване в системата Местоположение - отдел Цена в лева Инвентарен номер Систематично азбучна сигнатура Баркод Цена в евро Служебен тип на артикула
  Не е изгубен Universal Decimal Classification Не е повреден само за читалня ползва се в читалня 925018 Регионална библиотека "Любен Каравелов" Русе Регионална библиотека "Любен Каравелов" Русе Хранилище 2023-03-27 Хранилище 19.90 120000884301 Цб 316955 120000884301 10.17 Книги
  Не е изгубен Universal Decimal Classification Не е повреден   заемане за дома 940157 Регионална библиотека "Любен Каравелов" Русе Регионална библиотека "Любен Каравелов" Русе Заемна - подръчен фонд 2024-02-12 Заемна - подръчен фонд 19.90 120000899185 821-31/X 26 T 120000899185 10.17 Книги
Vip Innovations Ltd, Rousse, Bulgaria 2025